00526nas a22001817a 450000500170000000800410001702200130005808200460007110000310011724500400014826000600018830000220024844000270027065000100029765000160030765000120032365000090033520170228112205.0160506b xxu||||| |||| 00| 0 spa d a03793982 aTecnología en Marcha Vol 25, N° 3 2012 aMora Vicarioli, Francisco  aPosibilidades educativas de la wiki aCosta RicabEditorial Tecnológica de Costa Ricac2012 aPáginas 112-117 aTecnología en Marcha aWIKIS aEDUCACIÓN aWEB 2.0 aTICS